| 000 | 01407nam a2200373 a 4500 | ||
|---|---|---|---|
| 008 | 040709s2003||||xo ab 0 slo c | ||
| 020 |
_a8096888153 _c10 |
||
| 040 |
_aSNK _bslo _cSNK _eAACR2 |
||
| 044 |
_axo _cSK |
||
| 072 | 7 |
_a59 _2SNK |
|
| 080 | _a599.742.2(082)=162.4=111 | ||
| 080 | _a502.172 | ||
| 080 | _a599.742.2 | ||
| 080 | _a502.172:592/599 | ||
| 080 | _a(063) | ||
| 245 | 1 | 0 |
_aVýznam veľkých šeliem v strednej Európe _bmedzinárodná odborná konferencia, 11.-12. apríl 2002, Informačné centrum Správy NP Poloniny, Nová Sedlica _c[editori: Robin Rigg, Katarína Baleková] _n1. časť _pKomplexné riešenie problému synantropných medveďov (Ursus arctos) |
| 246 | 1 | 0 | _aThe Significance of Large Carnivores in Central Europe |
| 246 | 1 | 1 | _aThe Significance of Large Carnivores in Central Europe |
| 250 | _a[1. vyd.] | ||
| 260 |
_aBratislava _bSloboda zvierat _c2003 |
||
| 300 |
_a141 s. _bfotogr. _c21 cm |
||
| 500 | _aSúbež. názov a text angl. Čiast. text čes. Ilustr. na tit. strane | ||
| 500 | _aZozn. | ||
| 504 | _aBibliogr. odkazy | ||
| 650 | 0 | 7 |
_amedvede _xochrana _zEurópa stredná _xzborníky _2SNK |
| 650 | 0 | 7 |
_amedvede _2SNK |
| 650 | 0 | 7 |
_asynantropné medvede _2SNK |
| 650 | 0 | 7 |
_aochrana živočíchov _2SNK |
| 650 | 0 | 7 |
_aZoológia _2SNK |
| 700 | 1 |
_aRigg, Robin _4edi _4fot |
|
| 700 | 1 |
_aBaleková, Katarína _4edi _4fot |
|
| 041 | _aslo | ||
| 958 | _aAZN | ||
| 999 |
_c15272 _d15272 |
||